Statistics for Nova Scotia and Massachusetts towns with the same name

Click here to take the quiz!

General Stats

  • This quiz has been taken 10 times
  • The average score is 17 of 33

Answer Stats

First LetterMA CountyNS CountyAnswer% Correct
HPlymouthHalifaxHalifax
80%
YBarnstableYarmouthYarmouth
80%
AHampshireCumberlandAmherst
60%
AMiddlesexKingsArlington
60%
BMiddlesexHantsBurlington
60%
CMiddlesexHants & KingsCambridge
60%
CHampdenLunenburgChester
60%
FBarnstableHantsFalmouth
60%
KPlymouthKingsKingston
60%
LWorcesterLunenburgLunenburg
60%
MEssexAnnapolisMiddleton
60%
OWorcesterCumberlandOxford
60%
RBerkshireRichmondRichmond
60%
SFranklinShelburneShelburne
60%
SHampdenAnnapolisSpringfield
60%
TBarnstableColchesterTruro
60%
WMiddlesexKingsWeston
60%
WBristolDigbyWestport
60%
AWorcesterKingsAuburn
40%
BMiddlesexHalifaxBedford
40%
BPlymouthLunenburgBridgewater
40%
BWorcesterColchesterBrookfield
40%
CFranklinDigbyConway
40%
DBristolHalifaxDartmouth
40%
FBristolHalifaxFall River
40%
GHampshireGuysboroughGoshen
40%
MNorfolkQueensMilton
40%
PPlymouthYarmouthPembroke
40%
WNorfolkDigbyWeymouth
40%
WBerkshireHantsWindsor
40%
DNorfolkGuysboroughDover
20%
MMiddlesexGuysboroughMelrose
20%
NNorfolkYarmouthNorwood
20%

Score Distribution

Percentile by Number Answered

Percent of People with Each Score

Your Score History

You have not taken this quiz